000 00855nab a2200265 u 4500
001 21094
003 HDC
007 cr bn ---aaaaa
008 210306c mydr|nes 0 a eng d
040 _aHDC
100 _aNur Hanani Azman
_eauthor
_97735
245 0 _a-MATRADE SASAR PEINGKATAN 20% PKS DI MEEC/
_cby Nur Hanani Azman
260 _aMalaysia :
_bBERITA HARIAN,
_c2016
300 _a2 pages
336 _atext
_2rdacontent
337 _acomputer
_2rdamedia
338 _aonline resource
_2rdacarrier
650 _aeconomy sector
_914334
650 _atrade sector
_916766
710 _aBERITA HARIAN
856 _zRequest full-text at [email protected]
942 _2lcc
942 _cNEWS
942 _kNWSC 010362
999 _c18410
_d18410